| 000 | 00498nam a22002177a 4500 | ||
|---|---|---|---|
| 003 | OSt | ||
| 005 | 20140310184302.0 | ||
| 008 | 121112t xxu||||| |||| 00| 0 eng d | ||
| 020 | _a0439692601 | ||
| 050 |
_aPZ 7 _b.W235 2004 |
||
| 245 |
_aIt's a Dog's Life _cBy Teresa Waters |
||
| 260 |
_aNew York _bScholastic Inc _c2004 |
||
| 300 | _g19.5cm | ||
| 521 | _aG1 | ||
| 526 | _c250 | ||
| 541 | _j1,2 | ||
| 942 |
_cBK-SCHOLAS _2lcc |
||
| 999 |
_c33465 _d33465 |
||